| 000 | 00000nam 2200000za 4500 |
| 001 | 9.822535 |
| 003 | CaOODSP |
| 005 | 20221107143711 |
| 007 | cr ||||||||||| |
| 008 | 160812s1994 onc||||#o i00| 0 eng d |
| 040 | |aCaOODSP|beng |
| 043 | |an-cn--- |
| 086 | 1 |aE100-2/1-92-1807-01E-PDF |
| 110 | 1 |aCanada.|bBinational Secretariat. |
| 245 | 10|aIn the matter of the interpretation of and Canada's compliance with article 701.3 with respect to durum wheat sales |h[electronic resource] : |bfinal report. |
| 246 | 1 |iAt head of title : |aBefore the panel convened pursuant to chapter 18 of the Canada-United States Free Trade Agreement |
| 246 | 30|aThe interpretation of and Canada's compliance with article 701.3 with respect to durum wheat sales |
| 260 | |aOttawa : |b[Binational Secretariat, Canada-United States Free Trade Agreement], |cc1994. |
| 300 | |a56 p. |
| 500 | |aFebruary 8, 1993. |
| 500 | |aIssued also in French under title: Dans l'affaire de l'interprétation de l'article 701.3 et l'obervation de cet article par le Canada en ce qui concerne les ventes de blé dur: rapport final. |
| 692 | 07|2gccst|aAgri-food industry |
| 692 | 07|2gccst|aFree trade agreements |
| 692 | 07|2gccst|aInternational trade |
| 775 | 08|tDans l'affaire de l'interprétation de l'article 701.3 et l'obervation de cet article par le Canada en ce qui concerne les ventes de blé dur |w(CaOODSP)9.822538 |
| 856 | 40|qPDF|s3.85 MB|uhttps://publications.gc.ca/collections/collection_2016/alena-sec-nafta/E100-2-1-92-1807-01-eng.pdf |
| 986 | |aCDA-92-1807-01 |